000 00349nam a22001577a 4500
003 SGT
020 _a9780367202859
082 _a363.1751
_bH20D
100 _aDIKSHITH, T.S.S
245 _aHAZARDOUS CHEMICALS
260 _aNEW DELHI
_bCRC PRESS
_c2020
300 _a638
650 _aPHARMACY
653 _aHAZARDOUS, CHEMICALS
942 _2ddc
_cBK
999 _c24834
_d24834